| 000 | 00814nam a2200229 a 4500 | ||
|---|---|---|---|
| 005 | 20191224041801.0 | ||
| 008 | 121107s1996 dcua gr 000 0 eng d | ||
| 020 | _a1569731039 | ||
| 040 |
_aDLC _dCO-BoBLA _cCO-BoIAVH _dCO-BoIAVH |
||
| 041 | 0 | _aeng | |
| 044 | _axxu | ||
| 082 | 0 | 4 |
_a334.683 _bN53p |
| 245 | 0 | 0 |
_aNew partnerships for sustainable agriculture / _ceditado por Lori Ann Thrupp. |
| 260 |
_aWashington : _bWorld Resources Institute, _c1996. |
||
| 300 |
_aviii, 136 páginas : _bilustraciones ; _c26 x 20 centímetros |
||
| 504 | _aIncluye referencias bibliográficas. | ||
| 650 | 1 | 6 |
_aCooperativas agrícolas _vEstudio de casos. |
| 650 | 2 | 4 | _aInnovaciones agrícolas. |
| 650 | 2 | 4 | _aProductividad agrícola. |
| 700 | 1 |
_aThrupp, Lori Ann _eeditor |
|
| 942 |
_2ddc _cLIBRO |
||
| 999 |
_c5277 _d5277 |
||